000 00771nam a2200265 a 4500
001 BRL_935
005 20190320210947.0
008 251013s1974----u--aob####---#000-0#eng-#
020 _a0826302734
041 _aeng
044 _au
050 4 _aE99.N3
_b.B43 1974
100 1 _aBedinger, Margery
_925366
245 1 0 _aIndian silver
_bnavajo and pueblo jewelers
_cMargery Bedinger.
260 _aAlbuquerque
_bUniversity of New Mexico Press
_c1974
300 _axiv, 264 p.
_bil., mapas
_c24 cm.
500 _aAu1012
500 _aIncluye índice
504 _aBibliografía: p. 243-255
650 1 4 _aNavajos
_xPlateria
_925367
650 1 4 _aNavajos
_xJoyas
_925368
650 1 4 _aIndígenas de América del Norte
_xPlateria
_925369
902 _aGRL
942 _2lcc
_cB
999 _c9747
_d9747